000 nam a22 7a 4500
999 _c174659
_d174659
003 Nust
005 20170206122908.0
008 170206b xxu||||| |||| 00| 0 eng d
040 _c0
050 _a628 BUZ
082 _a628 BUZ
100 _aBuzdar,Muhammad Ayaz
245 _aArsenic Treatment in Drinking Water Through Iron and Iron Compounds
_cMuhammad Ayaz Buzdar
260 _aRawalpindi
_bIESE (SCEE) NUST
_c2004
300 _a58 p.
_bHB.
440 _aMS Environmental Engineering
500 _aThesis MS EE
650 _aEnvironmental Engineering
700 _4Dr. M Anwar Baig (Supervisor)
942 _2ddc
_cTHE
_kIESE